Normal view
MARC view
- Rolfe, R. T
Entry Personal Name
001 - CONTROL NUMBER
- control field: 45007
003 - CONTROL NUMBER IDENTIFIER
- control field: NUST
005 - DATE AND TIME OF LATEST TRANSACTION
- control field: 20210314133129.0
008 - FIXED-LENGTH DATA ELEMENTS
- fixed length control field: 210314|| aca||aabn | a|a d
040 ## - CATALOGING SOURCE
- Original cataloging agency: NUST
- Transcribing agency: NUST
100 ## - HEADING--PERSONAL NAME
- Personal name: Rolfe, R. T
670 ## - SOURCE DATA FOUND
- Source citation: Work cat.: (NUST): Laing, J. 45004, A manual of foundry practice,, 1938.
